00358nam a2200145Ia 4500008004100000020001500041082001700056100001600073245002900089250001600118260002700134300001100161500002500172650001500197230524s9999 xx 000 0 und d a0706987454 a658.401bKOT aC.R.Kothari 0aQuantitative Techniques  a3rd Rev ed. aNEW DELHIbVikasc2010 aXV;596 aQuantity Number: 10 aManagement